| 000 | 01006nas a2200325 4500 | ||
|---|---|---|---|
| 001 | BR9100929 | ||
| 003 | BR-BrBNA | ||
| 005 | 20231205091932.0 | ||
| 007 | ta | ||
| 008 | 230509b bl.|||p| |||| 00| 00por d | ||
| 040 |
_aBR-BrBNA _bpor _cBiblioteca Nacional de Agricultura |
||
| 041 | _a(Pt) | ||
| 072 | _aP33; L02 | ||
| 100 | 1 | _aPott, E.B. | |
| 100 | 1 | _aPott, A. | |
| 100 | 1 | _aAlmeida, I.L. de | |
| 100 | 1 | _aBrum, P.A.R. de | |
| 100 | 1 | _aComastri Filho, J.A. | |
| 100 | 1 | _aTullio, R.R. | |
| 245 | 1 | _aNutricao mineral de bovinos de corte no pantanal Mato-Grossense; 3. levantamento de macronutrientes no baixo Piquiri | |
| 650 | _aANALISE DO SOLO | ||
| 650 | _aMACROELEMENTO | ||
| 650 | _aPASTAGEM NATURAL | ||
| 650 | _aGADO DE CORTE | ||
| 650 | _aNUTRIENTE MINERAL | ||
| 650 | _aMATO GROSSO | ||
| 773 | 0 |
_tPesquisa Agropecuaria Brasileira (Brazil) _xISSN 0100-204X _g(Nov 1989), v. 24(11) p. 1361-1368 _wBR9100929 |
|
| 909 |
_a202311 _bLúcia _c55 _dLúcia Elande |
||
| 942 |
_2AGRIS _n0 _cANA |
||
| 999 |
_c128219 _d128219 |
||